La deuda externa privada en la Argentina (1991-2005) (Registro nro. 16616)

Detalles MARC
000 -LEADER
fixed length control field 00413 a2200133 4500
001 - CONTROL NUMBER
control field ART_3685
005 - DATE AND TIME OF LATEST TRANSACTION
control field 20260410161717.0
008 - FIXED-LENGTH DATA ELEMENTS--GENERAL INFORMATION
fixed length control field 260409a
100 1# - MAIN ENTRY--PERSONAL NAME
Personal name Basualdo, Eduardo M.
245 10 - TITLE STATEMENT
Title La deuda externa privada en la Argentina (1991-2005)
700 1# - ADDED ENTRY--PERSONAL NAME
Personal name Nahon, Cecilia
700 1# - ADDED ENTRY--PERSONAL NAME
Personal name Nochteff, Hugo J.
773 0# - HOST ITEM ENTRY
Title Desarrollo económico
Related parts - Vol. 47, Nº 186 (jul./sep. 2007)
Record control number REV1174

No hay ítems disponibles.